[Event "CZE-chT2B 2122"]
[Site "Czech Republic"]
[Date "2022.02.13"]
[Round "8.7"]
[White "Zajicek, Karel"]
[Black "Bicek, Richard"]
[Result "0-1"]
[WhiteElo "1927"]
[BlackElo "2134"]
[PlyCount "56"]
[EventDate "2021.10.17"]
[EventType "team-tourn"]
[EventRounds "11"]
[EventCountry "CZE"]
[SourceTitle "EXT 2025"]
[Source "ChessBase"]
[SourceDate "2024.10.14"]
[SourceVersion "1"]
[SourceVersionDate "2024.10.14"]
[SourceQuality "1"]
[WhiteTeam "Vysehrad Sokol III"]
[BlackTeam "Karlovy Vary Tietz"]
[WhiteTeamCountry "CZE"]
[BlackTeamCountry "CZE"]

1. e4 c5 2. d4 cxd4 3. c3 dxc3 4. Nxc3 e6 5. Nf3 Bb4 6. Qd4 Bxc3+ 7. bxc3 Nf6 8. Ba3 Nc6 9. Qe3 Qa5 10. Bb2 d5 11. Nd2 dxe4 12. Nxe4 Nxe4 13. Qxe4 Qe5 14. Bd3 Qxe4+ 15. Bxe4 Bd7 16. Bxc6 Bxc6 17. 0-0 0-0-0 18. Rfd1 f6 19. f3 e5 20. Kf2 Ba4 21. Rxd8+ Rxd8 22. Re1 Bb5 23. Bc1 Rd3 24. Re3 Rd6 25. f4 exf4 26. Re7 g5 27. Rxh7 Rd1 28. Ba3 Rf1# 0-1

[Event "CZE-chT2B 2122"]
[Site "Czech Republic"]
[Date "2021.11.07"]
[Round "2.6"]
[White "Zajicek, Karel"]
[Black "Gutman, Petr"]
[Result "1/2-1/2"]
[WhiteElo "1927"]
[BlackElo "2082"]
[PlyCount "86"]
[EventDate "2021.10.17"]
[EventType "team-tourn"]
[EventRounds "11"]
[EventCountry "CZE"]
[SourceTitle "EXT 2025"]
[Source "ChessBase"]
[SourceDate "2024.10.14"]
[SourceVersion "1"]
[SourceVersionDate "2024.10.14"]
[SourceQuality "1"]
[WhiteTeam "Vysehrad Sokol III"]
[BlackTeam "Kladno"]
[WhiteTeamCountry "CZE"]
[BlackTeamCountry "CZE"]

1. e4 c5 2. c3 d5 3. exd5 Qxd5 4. Na3 Qd8 5. Nf3 Nc6 6. Nc4 Nf6 7. Nce5 e6 8. Nxc6 bxc6 9. d4 Be7 10. Be2 0-0 11. 0-0 Qb6 12. Qb3 Rb8 13. Qxb6 Rxb6 14. dxc5 Bxc5 15. b4 Be7 16. Be3 Rb7 17. Ne5 Rc7 18. Nd3 Ba6 19. Rfc1 Rd8 20. c4 Nd7 21. a4 c5 22. b5 Bb7 23. a5 f5 24. Bf4 Rcc8 25. Ne5 g5 26. Nxd7 gxf4 27. Rd1 Rc7 28. Ne5 Rxd1+ 29. Rxd1 Bf6 30. b6 axb6 31. axb6 Rg7 32. Nf3 Kf8 33. Ne1 e5 34. f3 e4 35. Kf2 Ke7 36. Nc2 Ke6 37. Na3 Rd7 38. fxe4 Rxd1 39. exf5+ Kxf5 40. Bxd1 Bh4+ 41. g3 Bd8 42. Nb5 fxg3+ 43. hxg3 Ke5 1/2-1/2

[Event "Prague Summer op-A 8th"]
[Site "Prague"]
[Date "2021.08.06"]
[Round "1"]
[White "Zajicek, Karel"]
[Black "Nguyen, Alex Dac Vuong"]
[Result "0-1"]
[WhiteElo "1963"]
[BlackElo "2290"]
[PlyCount "26"]
[EventDate "2021.08.06"]
[EventType "swiss"]
[EventRounds "9"]
[EventCountry "CZE"]
[SourceTitle "CBM 203 Extra"]
[Source "ChessBase"]
[SourceDate "2021.09.30"]
[SourceVersion "1"]
[SourceVersionDate "2021.09.30"]
[SourceQuality "1"]

1. e4 c6 2. d4 d5 3. exd5 cxd5 4. c4 Nf6 5. Nc3 Nc6 6. Nf3 Bg4 7. cxd5 Nxd5 8. Qb3 Bxf3 9. gxf3 e6 10. Qxb7 Nxd4 11. Bb5+ Nxb5 12. Qc6+ Ke7 13. Nxd5+ Qxd5 0-1